00989cam a2200253 a 450000100100000000500170001000800410002704000290006808200240009710000310012124500550015225000110020726000290021830000210024749000380026849000230030650400290032960000940035865000410045283000660049391000340055995201270059399900150072000000500320200929151545.0780614s1971 sp b 001 p spa  aDO-SdBNPcICdOCoLCdDLC a861.09bF288p, 19711 aFeal Deibe, Carlos.91442813aLa poesía de Pedro Salinas /cCarlos Feal Deibe. a2a ed. aMadrid :bGredos,c1971. a265 p. ;c20 cm.1 aBiblioteca románica hispánica1 aEstudios y ensayos aBibliografía: p. [267]14aSalinas, Pedro,q(Pedro Salinas Serrano),d1892-1951xCRÍTICA E INTERPRETACIÓN914429 4aCrítica literariaxEspaña914430 0aBiblioteca románica hispánica,pestudios y ensayos.98770 aCatalogación por copia / LC 001052708MOaGRbGRcCTd2009-07-28iLF1l0o861.09 F288p, 1971p5003-10r2020-06-25w2020-06-25y2ZPréstamo interno c4809d4809